Legislation and statutory interpretation
Bewaard in:
| Hoofdauteurs: | , , |
|---|---|
| Formaat: | Boek |
| Taal: | Engels |
| Gepubliceerd in: |
Nueva York
Foundation Press
2006
|
| Editie: | 2a. ed |
| Reeks: | Concepts and Insights Series
|
| Onderwerpen: | |
| Tags: |
Voeg label toe
Geen labels, Wees de eerste die dit record labelt!
|
MARC
| LEADER | 00000cam a2200000 a 4500 | ||
|---|---|---|---|
| 001 | UCF9285 | ||
| 003 | CL-VaPUC | ||
| 008 | 131111e20060000us |||||||||||||||||eng|d | ||
| 020 | |a 9781599410784 | ||
| 082 | 0 | 4 | |a 348.732 |b ESK |2 21 |
| 100 | 0 | |a Eskridge, William N |e author |9 571571 | |
| 700 | 0 | |a Frickey, Philip P |e author |9 571572 | |
| 700 | 0 | |a Garrett, Elizabeth |e author |9 571573 | |
| 245 | 1 | 0 | |a Legislation and statutory interpretation |
| 250 | |a 2a. ed | ||
| 300 | |a 405 p | ||
| 942 | |c BK | ||
| 945 | |d 20131111 15:03:00 |a dcastane | ||
| 260 | |a Nueva York |b Foundation Press |c 2006 | ||
| 650 | 7 | |a ESTATUTOS |2 CL-VaPUC |9 259253 | |
| 650 | 7 | |a LEGISLACION |2 CL-VaPUC |9 571574 | |
| 650 | 0 | |a Crítica e interpretación |9 255042 | |
| 583 | |a last modification |c 20131111 15:03:00 |k Rodrigo Vera | ||
| 490 | 0 | |a Concepts and Insights Series | |
| 999 | |c 353758 |d 353756 | ||
| 952 | |0 0 |1 0 |3 erb |4 0 |6 348_732000000000000_ESK_2006 |7 0 |8 A |9 459137 |a BIBDER |b BIBDER |d 2019-11-23 |i 502594K |o 348.732 ESK 2006 |p 502594K |r 2023-01-25 |w 2019-11-23 |y BK |z Catalogado en:20131111 |k DER | ||